[Event "SR 3. liga A2 2014/2015"]
[Site "?"]
[Date "2015.03.08"]
[Round "10.5"]
[White "Liptak, Tomas"]
[Black "Nicolini, Alexander"]
[Result "0-1"]
[WhiteElo "2168"]
[BlackElo "2120"]
[PlyCount "118"]
[EventDate "2015.??.??"]

1. e4 c6 2. d4 d5 3. e5 Bf5 4. Nf3 e6 5. Be2 c5 6. O-O Nc6 7. c3 Bg4 8. Nbd2
cxd4 9. cxd4 Qb6 10. Qa4 Qb4 11. Bb5 Qxa4 12. Bxa4 Nge7 13. a3 f6 14. b4 Kf7
15. Bb2 fxe5 16. dxe5 h6 17. Rac1 Bxf3 18. Nxf3 g5 19. b5 Na5 20. Nd2 b6 21.
Rc7 Bg7 22. f4 gxf4 23. Rxf4+ Ke8 24. Rg4 Bf8 25. Bd1 Kd8 26. Rc3 Rc8 27. Rxc8+
Kxc8 28. Rf4 Nf5 29. Bg4 Bc5+ 30. Kf1 Be3 31. Rxf5 exf5 32. Bxf5+ Kd8 33. Nf3
Nc4 34. Bc3 Bc5 35. Ke2 Nxa3 36. Bd3 Nc4 37. g4 Rf8 38. h3 Rf4 39. Be1 Nb2 40.
Bc2 d4 41. Nh4 d3+ 42. Bxd3 Nxd3 43. Kxd3 Rd4+ 44. Kc2 Rc4+ 45. Kd3 Rd4+ 46.
Kc2 Re4 47. Bg3 Kd7 48. Nf5 Bf8 49. Kd3 Ra4 50. Be1 Ke6 51. Bc3 h5 52. Nd4+
Kxe5 53. gxh5 Kd5 54. Nf5 Rf4 55. h6 Rxf5 56. h7 Rf3+ 57. Ke2 Rxh3 58. h8=Q
Rxh8 59. Bxh8 Kc5 0-1

[Event "SR 3. liga A2 2014/2015"]
[Site "?"]
[Date "2015.03.08"]
[Round "10.5"]
[White "Mosny, Jaroslav"]
[Black "Kovacocy, Pavel"]
[Result "0-1"]
[WhiteElo "1998"]
[BlackElo "2192"]
[PlyCount "64"]
[EventDate "2015.??.??"]

1. d4 g6 2. Nf3 Bg7 3. g3 c5 4. Bg2 cxd4 5. Nxd4 Nc6 6. Nxc6 bxc6 7. O-O Qb6 8.
Nc3 h5 9. Be3 Qxb2 10. Bd4 e5 11. Rb1 Qa3 12. Rb3 Qa5 13. Be3 Ne7 14. Nb5 d5
15. Nd6+ Kf8 16. c4 d4 17. Bd2 Qc7 18. c5 Rb8 19. Rxb8 Qxb8 20. f4 Be6 21. Qc2
Kg8 22. Rb1 Qf8 23. Rb7 h4 24. Qb1 hxg3 25. hxg3 Kh7 26. fxe5 Bxe5 27. Bg5 Nd5
28. Be4 Qg7 29. Kg2 Bxd6 30. cxd6 Qe5 31. Bxg6+ Kg7 32. Bd2 Qxe2+ 0-1

[Event "SR 3. liga A2 2014/2015"]
[Site "?"]
[Date "2015.03.08"]
[Round "10.5"]
[White "Cechovic, Stefan"]
[Black "Bahna, Jan"]
[Result "1-0"]
[WhiteElo "2155"]
[BlackElo "1940"]
[PlyCount "51"]
[EventDate "2015.??.??"]

1. Nf3 d5 2. g3 Nf6 3. Bg2 g6 4. d4 Bg7 5. O-O O-O 6. c4 c6 7. b3 h6 8. Bb2 Be6
9. cxd5 cxd5 10. Nc3 Nbd7 11. Ne1 Nb6 12. Nd3 a6 13. Rc1 Rc8 14. Nc5 Rc7 15.
Nxe6 fxe6 16. e3 Kh7 17. Qd3 Nfd7 18. h4 Rf6 19. Ne2 Nf8 20. Nf4 Qd6 21. Bh3
Kg8 22. Rxc7 Qxc7 23. Rc1 Qd7 24. Qc2 Kf7 25. Qc7 Na8 26. Qb8 1-0

[Event "SR 3. liga A2 2014/2015"]
[Site "?"]
[Date "2015.03.08"]
[Round "10.5"]
[White "Krist, Milan"]
[Black "Sarmir, Milos"]
[Result "0-1"]
[WhiteElo "1913"]
[BlackElo "2011"]
[PlyCount "136"]
[EventDate "2015.??.??"]

1. d4 Nf6 2. Nf3 e6 3. Bg5 Be7 4. e3 d5 5. Bd3 Nbd7 6. O-O h6 7. Bh4 O-O 8.
Nbd2 b6 9. Rc1 Bb7 10. c4 c5 11. Bb1 cxd4 12. Nxd4 dxc4 13. Nxc4 Ne4 14. Bxe7
Qxe7 15. f3 Nef6 16. Qd2 Rfd8 17. Rfd1 Rac8 18. Qe1 Bd5 19. Nd2 Qb4 20. N2b3
Rxc1 21. Rxc1 Qxe1+ 22. Rxe1 e5 23. e4 Bxb3 24. Nxb3 Nf8 25. Kf2 Ne6 26. g3 Ne8
27. Ke2 Nd6 28. Bd3 Nb7 29. Bc4 Nbc5 30. Bxe6 Nxe6 31. Rd1 Rc8 32. Rc1 Nd4+ 33.
Kf2 Rxc1 34. Nxc1 Kf8 35. Ne2 Nc2 36. a3 Ke7 37. Nc3 Kd7 38. Nd5 Kd6 39. Ne3
Nd4 40. Nc4+ Ke6 41. Ne3 g6 42. g4 f6 43. Nd5 Nb5 44. Kg3 Nd6 45. Ne3 Nb7 46.
Kf2 Nc5 47. Ke2 Na4 48. Nd1 Kd6 49. Kd2 Nc5 50. Nc3 Nb3+ 51. Ke3 Nd4 52. Nd5 f5
53. gxf5 gxf5 54. Nc3 f4+ 55. Kf2 Kc5 56. Nb1 Kc4 57. Nc3 Kb3 58. Nd5 Kxb2 59.
Ne7 Kxa3 60. Nf5 Kb4 61. Nxh6 a5 62. Nf5 Ne6 63. Ke2 a4 64. Kd2 Ng5 65. h4
Nxf3+ 66. Kc2 a3 67. h5 Ne1+ 68. Kb1 Kb3 0-1

[Event "SR 3. liga A2 2014/2015"]
[Site "?"]
[Date "2015.03.08"]
[Round "10.5"]
[White "Markuliak, Mario"]
[Black "Hagara, Vladimir"]
[Result "1/2-1/2"]
[WhiteElo "1811"]
[BlackElo "1906"]
[PlyCount "65"]
[EventDate "2015.??.??"]

1. c4 e5 2. Nc3 Nf6 3. Nf3 Nc6 4. d3 Be7 5. g3 d5 6. cxd5 Nxd5 7. Bg2 Nxc3 8.
bxc3 Bc5 9. O-O O-O 10. Rb1 Re8 11. Nd2 Bb6 12. Nc4 Bg4 13. Nxb6 axb6 14. Qc2
Qd7 15. Re1 Bh3 16. Bh1 Be6 17. a3 Bd5 18. Bxd5 Qxd5 19. c4 Nd4 20. Qc3 Qc6 21.
Bb2 Rad8 22. Qd2 f6 23. Bxd4 exd4 24. Rb5 Qd6 25. Qb2 Re5 26. a4 Ra8 27. Ra1
Ra5 28. Ra2 Kf7 29. Qb3 Qe6 30. Qb2 Qd6 31. Qb3 Qe6 32. Qb2 Qd6 33. Qb3 1/2-1/2

[Event "SR 3. liga A2 2014/2015"]
[Site "?"]
[Date "2015.03.08"]
[Round "10.5"]
[White "Babirat, Michal"]
[Black "Vlkovic, Pavol"]
[Result "0-1"]
[WhiteElo "1765"]
[BlackElo "1820"]
[PlyCount "56"]
[EventDate "2015.??.??"]

1. c4 g6 2. Nc3 Bg7 3. d4 Nf6 4. e4 d6 5. Nf3 O-O 6. Be2 c5 7. O-O cxd4 8. Nxd4
Nc6 9. Be3 Nd7 10. Rc1 a6 11. Qd2 Nc5 12. Nxc6 bxc6 13. Bd4 Bxd4 14. Qxd4 Ne6
15. Qe3 c5 16. Bg4 Nd4 17. Bxc8 Rxc8 18. Ne2 e5 19. Qd2 Rb8 20. Rb1 Rb7 21.
Nxd4 exd4 22. b4 Qe7 23. f3 Rfb8 24. a3 Qd7 25. Rb3 Qa4 26. Rfb1 a5 27. Qf4 Rb6
28. Qf6 d5 0-1

[Event "SR 3. liga A2 2014/2015"]
[Site "?"]
[Date "2015.03.08"]
[Round "10.5"]
[White "Hornak, Pavol"]
[Black "Benkovsky, Peter"]
[Result "1/2-1/2"]
[WhiteElo "1766"]
[BlackElo "1720"]
[PlyCount "122"]
[EventDate "2015.??.??"]

1. d4 Nf6 2. c4 d5 3. Nf3 c6 4. e3 e6 5. b3 Bb4+ 6. Bd2 Bxd2+ 7. Nbxd2 O-O 8.
Bd3 Nbd7 9. O-O Re8 10. Ne5 Nxe5 11. dxe5 Nd7 12. f4 f5 13. cxd5 cxd5 14. Rc1
Nb6 15. Nf3 Bd7 16. Nd4 Rc8 17. Qe2 Qe7 18. g4 g6 19. g5 Rxc1 20. Rxc1 Rc8 21.
Rxc8+ Nxc8 22. Qc2 Qd8 23. Kf2 a6 24. Qc3 Kf7 25. a4 Na7 26. Qc5 Nc8 27. h4 Qb6
28. Qc3 Qd8 29. Be2 Ne7 30. Ke1 Nc8 31. Kd2 Qb6 32. a5 Qd8 33. b4 Na7 34. Qc5
Nc8 35. h5 Ne7 36. hxg6+ hxg6 37. Qc1 Kg7 38. Qc5 Kf7 39. Qd6 Qc8 40. Qb6 Nc6
41. Nb3 Nb8 42. Nc5 Bc6 43. b5 axb5 44. Bxb5 Nd7 45. Nxd7 Bxd7 46. Bxd7 Qxd7
47. Kc3 Qc8+ 48. Kb2 Ke7 49. Qd6+ Ke8 50. Qb4 Kd7 51. Kb3 Qc6 52. Qa4 Qxa4+ 53.
Kxa4 Kc6 54. Kb4 Kd7 55. Kb5 Kc7 56. Kc5 Kd7 57. Kb6 Kc8 58. Kc5 Kd7 59. a6
bxa6 60. Kb6 a5 61. Kxa5 Kc7 1/2-1/2

[Event "SR 3. liga A2 2014/2015"]
[Site "?"]
[Date "2015.03.08"]
[Round "10.5"]
[White "Puskar, David"]
[Black "Kavuljak, Alojz"]
[Result "0-1"]
[WhiteElo "1647"]
[BlackElo "1645"]
[PlyCount "72"]
[EventDate "2015.??.??"]

1. c4 Nf6 2. Nc3 g6 3. g3 Bg7 4. Bg2 c6 5. d3 O-O 6. Nf3 d6 7. O-O Na6 8. Rb1
Nc7 9. b4 Rb8 10. a4 Bd7 11. Qc2 Qc8 12. Re1 Bh3 13. Bh1 Qf5 14. e4 Qh5 15. Ne2
Ne6 16. Nh4 g5 17. Ng2 Bg4 18. Ne3 Bf3 19. Bg2 Bxg2 20. Kxg2 g4 21. Nf5 Qh3+
22. Kh1 Qh5 23. Nxe7+ Kh8 24. Nf5 Rbd8 25. Bb2 Qg5 26. Bc1 Qh5 27. d4 d5 28.
cxd5 cxd5 29. e5 Ne4 30. Nf4 Qxf5 31. Qb2 h5 32. Kg1 N6g5 33. Rf1 Nf3+ 34. Kg2
h4 35. a5 h3+ 36. Kh1 Neg5 0-1

[Event "SR 3. liga A2 2014/2015"]
[Site "?"]
[Date "2015.03.08"]
[Round "10.6"]
[White "Jozefek, Michal"]
[Black "Danada, Tomas"]
[Result "1/2-1/2"]
[WhiteElo "2064"]
[BlackElo "2118"]
[PlyCount "24"]
[EventDate "2015.??.??"]

1. d4 c6 2. c4 d5 3. cxd5 cxd5 4. Nc3 Nf6 5. Bf4 Nc6 6. e3 a6 7. Bd3 b5 8. Nf3
Bg4 9. h3 Bxf3 10. Qxf3 e6 11. O-O Bd6 12. Rac1 Bxf4 1/2-1/2

[Event "SR 3. liga A2 2014/2015"]
[Site "?"]
[Date "2015.03.08"]
[Round "10.6"]
[White "Travnicek, Petr"]
[Black "Kapusta, Petr"]
[Result "1-0"]
[WhiteElo "2134"]
[BlackElo "2112"]
[PlyCount "115"]
[EventDate "2015.??.??"]

1. d4 Nf6 2. c4 g6 3. Nc3 Bg7 4. e4 O-O 5. Be3 d6 6. f3 e5 7. d5 Nh5 8. Qd2
Qh4+ 9. g3 Nxg3 10. Qf2 Nxf1 11. Qxh4 Nxe3 12. Qf2 Nxc4 13. b3 Nb6 14. h4 h6
15. O-O-O Na6 16. Nh3 Nd7 17. h5 Ndc5 18. Qg3 Bxh3 19. Qxh3 Nb4 20. Qf1 a5 21.
Qc4 b5 22. Nxb5 Nxa2+ 23. Kb2 Nb4 24. Rd2 Rab8 25. Ra1 f5 26. Rxa5 fxe4 27.
fxe4 Nba6 28. Ka2 gxh5 29. b4 Nxe4 30. Qxe4 Rf4 31. Qe3 Nxb4+ 32. Kb3 c6 33.
Qa7 Rbf8 34. Nxd6 Nxd5 35. Raxd5 cxd5 36. Rxd5 Rg4 37. Rb5 Rf3+ 38. Ka2 e4 39.
Rb8+ Kh7 40. Rb2 e3 41. Re2 Rg1 42. Qe7 Ra1+ 43. Kb3 Rb1+ 44. Kc4 Rf4+ 45. Ne4
Rd1 46. Rxe3 Rf8 47. Nd6 Rd4+ 48. Kc5 Rf1 49. Rg3 Rc1+ 50. Kb5 Rb1+ 51. Kc6
Rc1+ 52. Kd7 Rg4 53. Rxg4 hxg4 54. Nf5 Rd1+ 55. Ke8 Kg6 56. Nxg7 h5 57. Qf7+
Kg5 58. Qxh5+ 1-0

[Event "SR 3. liga A2 2014/2015"]
[Site "?"]
[Date "2015.03.08"]
[Round "10.6"]
[White "Koutny, Petr"]
[Black "Pribila, Gerhard"]
[Result "1-0"]
[WhiteElo "2095"]
[BlackElo "2060"]
[PlyCount "85"]
[EventDate "2015.??.??"]

1. e4 c5 2. Nf3 e6 3. d4 cxd4 4. Nxd4 Nc6 5. Be2 Nf6 6. Nc3 Bb4 7. Nxc6 bxc6 8.
Bd3 d5 9. e5 d4 10. a3 Bf8 11. exf6 dxc3 12. Qf3 Bd7 13. fxg7 Bxg7 14. b3 Qf6
15. Qg3 Qe5+ 16. Be3 h5 17. Qxe5 Bxe5 18. f4 Bf6 19. O-O Rc8 20. b4 Rg8 21.
Bxa7 c5 22. Rfe1 cxb4 23. axb4 Ra8 24. Bf2 Rxa1 25. Rxa1 Bc6 26. g3 h4 27. b5
Bf3 28. Bf1 hxg3 29. hxg3 Kd7 30. Bg2 Bxg2 31. Kxg2 e5 32. f5 e4 33. Bc5 Be5
34. Ra7+ Kc8 35. Ra8+ Bb8 36. Bd6 Kb7 37. Rxb8+ Rxb8 38. Bxb8 Kxb8 39. Kf2 Kc7
40. Ke3 Kb6 41. Kxe4 Kxb5 42. Kd4 f6 43. g4 1-0

[Event "SR 3. liga A2 2014/2015"]
[Site "?"]
[Date "2015.03.08"]
[Round "10.6"]
[White "Kubis, Ivan"]
[Black "Stanec, Stanislav"]
[Result "1/2-1/2"]
[WhiteElo "1991"]
[BlackElo "2162"]
[PlyCount "66"]
[EventDate "2015.??.??"]

1. e4 d5 2. exd5 Qxd5 3. Nc3 Qa5 4. d4 c6 5. Nf3 Nf6 6. Bc4 e6 7. O-O Be7 8.
Re1 O-O 9. Ne5 Rd8 10. Qe2 Qc7 11. Be3 Nbd7 12. Nxd7 Bxd7 13. Rad1 Bd6 14. h3
Qa5 15. Bd2 Qc7 16. Ne4 Nd5 17. Nxd6 Qxd6 18. Qe5 Qxe5 19. dxe5 b5 20. Bb3 a5
21. c3 a4 22. Bc2 c5 23. Bg5 Rdc8 24. Be4 Bc6 25. a3 h6 26. Bxd5 Bxd5 27. Be7
Ra7 28. Bd6 Rc6 29. f4 Kh7 30. Rd2 Rb7 31. Kf2 Bc4 32. g4 g6 33. Ke3 Kg7
1/2-1/2

[Event "SR 3. liga A2 2014/2015"]
[Site "?"]
[Date "2015.03.08"]
[Round "10.6"]
[White "Hudacek, Josef"]
[Black "Jozefovic, Milan"]
[Result "1-0"]
[WhiteElo "2037"]
[BlackElo "1891"]
[PlyCount "69"]
[EventDate "2015.??.??"]

1. e4 b6 2. d4 Bb7 3. Bd3 d6 4. Ne2 e6 5. O-O Be7 6. Nd2 Nf6 7. b3 O-O 8. Ng3
Nbd7 9. c4 c5 10. d5 Ne5 11. Bc2 Ng6 12. f4 Bc8 13. Nf3 exd5 14. exd5 Bg4 15.
h3 Bd7 16. f5 Ne5 17. Nxe5 dxe5 18. d6 b5 19. dxe7 Qxe7 20. Ne4 bxc4 21. Bg5
Rad8 22. Qe1 Bc6 23. Nxf6+ gxf6 24. Bh6 Kh8 25. Bxf8 Rxf8 26. bxc4 Rg8 27. Be4
Qc7 28. Qh4 Kg7 29. Rf3 Kf8 30. Rd1 Ke7 31. Bxc6 Qxc6 32. Rd5 Qb7 33. Rxe5+ Kd7
34. Rd5+ Ke7 35. Re3+ 1-0

[Event "SR 3. liga A2 2014/2015"]
[Site "?"]
[Date "2015.03.08"]
[Round "10.6"]
[White "Bilovsky, Milan"]
[Black "Londin, Martin"]
[Result "0-1"]
[WhiteElo "1921"]
[BlackElo "1954"]
[PlyCount "50"]
[EventDate "2015.??.??"]

1. e4 e5 2. Nf3 Nc6 3. Bc4 Nf6 4. d3 Be7 5. O-O d6 6. h3 O-O 7. c3 d5 8. exd5
Nxd5 9. Re1 Bf6 10. Bb3 Bf5 11. Na3 Qd7 12. Nc4 Rfe8 13. Bc2 Rad8 14. Bg5 Bxg5
15. Nxg5 Nf4 16. Qf3 Nxd3 17. Re3 h6 18. Nxf7 e4 19. Nxh6+ gxh6 20. Qh5 Kh7 21.
Rd1 Rg8 22. Kh1 Nxf2+ 23. Kh2 Nxd1 24. Bxd1 Bg6 25. Qh4 Qxd1 0-1

[Event "SR 3. liga A2 2014/2015"]
[Site "?"]
[Date "2015.03.08"]
[Round "10.6"]
[White "Vepy, Ivan"]
[Black "Brunovsky, Peter"]
[Result "1/2-1/2"]
[WhiteElo "1923"]
[BlackElo "1869"]
[PlyCount "86"]
[EventDate "2015.??.??"]

1. e4 c6 2. d4 d5 3. exd5 cxd5 4. Nf3 Nc6 5. Be2 g6 6. O-O Bg7 7. c3 Nh6 8. Bf4
f6 9. h3 Nf7 10. Re1 O-O 11. Bf1 e5 12. Bc1 e4 13. Nh2 f5 14. Na3 Kh8 15. Nc2
Be6 16. Rb1 Rc8 17. Be2 Qc7 18. Rf1 Rfd8 19. Bd2 Ne7 20. Qc1 Ng8 21. Kh1 Nf6
22. Rg1 h6 23. g4 g5 24. f4 Nh7 25. Qf1 fxg4 26. f5 Bd7 27. hxg4 Nf6 28. Qh3
Bf8 29. Nf1 Bd6 30. Ng3 Bxg3 31. Rxg3 Kg7 32. Rg2 Rh8 33. Ne3 b5 34. Kg1 a5 35.
Nf1 Qb6 36. Ng3 Rcg8 37. Nh5+ Nxh5 38. Qxh5 Kf6 39. Rf1 Be8 40. Qh2 Qd6 41. Qh3
Qb6 42. Be1 Bd7 43. Qe3 Rc8 1/2-1/2

[Event "SR 3. liga A2 2014/2015"]
[Site "?"]
[Date "2015.03.08"]
[Round "10.6"]
[White "Zajicek, Ferdinand"]
[Black "Hrubsa, Marian"]
[Result "1-0"]
[WhiteElo "1836"]
[BlackElo "1826"]
[PlyCount "81"]
[EventDate "2015.??.??"]

1. e4 e6 2. Nf3 d5 3. exd5 exd5 4. d4 Bd6 5. Nc3 Ne7 6. h3 O-O 7. Bd3 c6 8. O-O
Bf5 9. Be3 Nd7 10. Re1 Qc7 11. Bxf5 Nxf5 12. Qd3 Ne7 13. Re2 h6 14. Rae1 Ng6
15. Qd2 b5 16. a3 a5 17. Na2 Nf6 18. Nc1 Ne4 19. Qd3 Nf4 20. Bxf4 Bxf4 21. Nb3
Bd6 22. Nbd2 Nf6 23. Ne5 b4 24. a4 Bxe5 25. Rxe5 Rfe8 26. Qg3 Rxe5 27. Rxe5 c5
28. Nf3 cxd4 29. Nxd4 Kh7 30. Nf5 Nh5 31. Qe3 Qxc2 32. Nxh6 Qg6 33. Ng4 f5 34.
Nh2 f4 35. Qe2 Nf6 36. Ng4 Nxg4 37. hxg4 d4 38. Rh5+ Kg8 39. Qc4+ Kf8 40. Rf5+
Ke8 41. Qg8+ 1-0

[Event "SR 3. liga A2 2014/2015"]
[Site "?"]
[Date "2015.03.22"]
[Round "11.1"]
[White "Danada, Tomas"]
[Black "Provaznik, Michal"]
[Result "1/2-1/2"]
[WhiteElo "2118"]
[BlackElo "2220"]
[PlyCount "36"]
[EventDate "2015.??.??"]

1. d4 Nf6 2. Nf3 e6 3. c4 b6 4. Bg5 Bb7 5. Nc3 Bb4 6. e3 O-O 7. Bd3 c5 8. O-O
Bxc3 9. bxc3 d6 10. Qc2 h6 11. Bh7+ Kh8 12. Bxf6 Qxf6 13. Be4 Nc6 14. Rfd1 cxd4
15. Nxd4 Na5 16. Nb5 Qe5 17. Nxd6 Bxe4 18. Qxe4 Qxe4 1/2-1/2

[Event "SR 3. liga A2 2014/2015"]
[Site "?"]
[Date "2015.03.22"]
[Round "11.1"]
[White "Horak, Ivan"]
[Black "Travnicek, Petr"]
[Result "0-1"]
[WhiteElo "2070"]
[BlackElo "2134"]
[PlyCount "78"]
[EventDate "2015.??.??"]

1. e4 c5 2. Nc3 Nc6 3. f4 g6 4. Bb5 Nd4 5. Nf3 Nxb5 6. Nxb5 Bg7 7. c4 d6 8. O-O
a6 9. Nc3 e6 10. Qe1 Ne7 11. d3 O-O 12. Rb1 Nc6 13. Bd2 b5 14. b3 b4 15. Ne2 a5
16. g4 f5 17. h3 a4 18. Be3 axb3 19. axb3 Ra2 20. Nc1 Ra7 21. e5 Qb6 22. Qf2
Rd8 23. d4 dxe5 24. dxe5 Nd4 25. Ne2 Nxf3+ 26. Qxf3 Bb7 27. Qf2 Qc6 28. Ng3 Rd3
29. Rfe1 Ra3 30. Kh2 Bf8 31. gxf5 exf5 32. Rg1 Kf7 33. e6+ Qxe6 34. Rbe1 Qc6
35. Bc1 Raxb3 36. Qe2 Bd6 37. Bb2 Re3 38. Qf2 Rxe1 39. Rxe1 Bxf4 0-1

[Event "SR 3. liga A2 2014/2015"]
[Site "?"]
[Date "2015.03.22"]
[Round "11.1"]
[White "Pribila, Gerhard"]
[Black "Sefcik, Marek"]
[Result "1/2-1/2"]
[WhiteElo "2060"]
[BlackElo "2043"]
[PlyCount "67"]
[EventDate "2015.??.??"]

1. e4 d5 2. exd5 Qxd5 3. Nc3 Qd8 4. d4 Nf6 5. Nf3 Bg4 6. h3 Bxf3 7. Qxf3 c6 8.
Be3 e6 9. Bc4 Bb4 10. O-O O-O 11. a3 Be7 12. Rad1 Nbd7 13. Rfe1 Nd5 14. Nxd5
cxd5 15. Bd3 Re8 16. c3 Nf8 17. Bb5 Nd7 18. Bc1 a6 19. Bd3 Nf8 20. Qg4 g6 21.
Bh6 f5 22. Qf3 Bg5 23. Bxf8 Kxf8 24. Re2 Qd6 25. Rde1 Kf7 26. g3 Re7 27. Bc2
Bf6 28. Kg2 Rae8 29. h4 h5 30. Qd3 Qc6 31. f4 b5 32. Qf3 Rc8 33. Bd3 Qb6 34.
Bb1 1/2-1/2

[Event "SR 3. liga A2 2014/2015"]
[Site "?"]
[Date "2015.03.22"]
[Round "11"]
[White "Chabada, Tomas"]
[Black "Brunovsky, Peter"]
[Result "0-1"]
[WhiteElo "1987"]
[BlackElo "1869"]
[PlyCount "130"]
[EventDate "2015.??.??"]
[WhiteTeam "ŠK Nafta Gbely"]
[BlackTeam "ŠK Holíè"]

1. e4 c6 2. d4 d5 3. exd5 cxd5 4. Bd3 Nc6 5. c3 g6 6. Bf4 Bg7 7. Nf3 Nh6 8.
Nbd2 O-O 9. O-O Kh8 10. Re1 f6 11. Qc2 Nf7 12. Bxg6 hxg6 13. Qxg6 Qd7 14. Nh4
Kg8 15. h3 e5 16. Be3 Ne7 17. Qh5 Qe8 18. f4 Nd6 19. Qf3 e4 20. Qf2 f5 21. Kh2
Qh5 22. g3 Kf7 23. Qe2 Qxe2+ 24. Rxe2 Be6 25. Nb3 b6 26. Nc1 Bf6 27. Ng2 Rh8
28. Rc2 Rac8 29. Ne2 Nc6 30. Rac1 Rc7 31. Bf2 Rhc8 32. a3 Nc4 33. a4 N6a5 34.
b4 Nb7 35. Ne3 Nxe3 36. Bxe3 Nd6 37. Kg2 Nc4 38. Kf2 a6 39. Rg1 Rh8 40. Rh1
Rcc8 41. Ra2 Rh7 42. Bc1 Rch8 43. Ng1 Bd7 44. h4 Ke6 45. Nh3 Be8 46. Ng5+ Bxg5
47. fxg5 Bh5 48. Bf4 Kf7 49. Rb1 Kg6 50. a5 b5 51. Re1 Re8 52. Rc2 Rhe7 53. Be3
Bf3 54. Ra2 Kh5 55. Rg1 Kg4 56. Raa1 Nb2 57. Ra2 Nd1+ 58. Rxd1 Bxd1 59. Ke1 Bf3
60. Bf4 e3 61. h5 e2 62. h6 Kh5 63. Rd2 Kg6 64. Rd3 Bg4 65. Be5 Kxg5 0-1

[Event "SR 3. liga A2 2014/2015"]
[Site "?"]
[Date "2015.03.22"]
[Round "11.1"]
[White "Kanka, Tomas"]
[Black "Kovarik, Oto"]
[Result "0-1"]
[WhiteElo "1723"]
[BlackElo "1926"]
[PlyCount "76"]
[EventDate "2015.??.??"]

1. e4 c5 2. b3 Nc6 3. Bb2 e5 4. Nf3 d6 5. Bc4 h6 6. h3 Be7 7. c3 Nf6 8. Qe2 O-O
9. O-O Re8 10. d4 exd4 11. cxd4 Bf8 12. Nbd2 d5 13. Bd3 dxe4 14. Nxe4 Nxe4 15.
Bxe4 Bf5 16. Nd2 Bxe4 17. Nxe4 f5 18. Qc4+ Kh8 19. Nxc5 b5 20. Qxb5 Nxd4 21.
Qc4 Ne2+ 22. Kh1 Qd2 23. Rab1 Rac8 24. b4 Qg5 25. g3 Bd6 26. Qd3 Bxg3 27. Rfe1
Qh5 28. Bxg7+ Kxg7 29. Qd7+ Kh8 30. Kg2 Bb8 31. Ne6 Qg6+ 32. Kf1 Qxe6 33. Qd2
f4 34. Rb3 Qc4 35. Rd3 Nc1 36. Rxe8+ Rxe8 37. Qb2+ Be5 38. Qd2 Qxd3+ 0-1

[Event "SR 3. liga A2 2014/2015"]
[Site "?"]
[Date "2015.03.22"]
[Round "11.1"]
[White "Husek, Lubomir"]
[Black "Kastler, Peter"]
[Result "1/2-1/2"]
[WhiteElo "1854"]
[BlackElo "1757"]
[PlyCount "50"]
[EventDate "2015.??.??"]

1. e4 e6 2. d4 d5 3. e5 c5 4. c3 Nc6 5. Nf3 Qb6 6. a3 cxd4 7. cxd4 Bd7 8. Nc3
Nh6 9. Bb5 Nf5 10. Bxc6 Bxc6 11. O-O Be7 12. b4 O-O 13. Qd3 Rfc8 14. Bb2 Bd7
15. Rfd1 Rc4 16. g4 Nh4 17. Nxh4 Bxh4 18. Ne2 Bb5 19. Qd2 Rac8 20. Rac1 Ba4 21.
Rxc4 Rxc4 22. Rc1 Rxc1+ 23. Qxc1 Bc6 24. Qc3 Qb5 25. Nc1 Qc4 1/2-1/2

[Event "SR 3. liga A2 2014/2015"]
[Site "?"]
[Date "2015.03.22"]
[Round "11.1"]
[White "Papanek, Lubomir"]
[Black "Kahanek, Jaroslav"]
[Result "0-1"]
[WhiteElo "1616"]
[BlackElo "1829"]
[PlyCount "134"]
[EventDate "2015.??.??"]

1. e4 c5 2. Nf3 Nc6 3. d4 cxd4 4. Nxd4 e5 5. Nb3 Nf6 6. Bg5 d6 7. Bb5 Be7 8.
Bxf6 Bxf6 9. Nc3 a6 10. Bc4 O-O 11. Nd5 Bg5 12. O-O Kh8 13. f4 exf4 14. Nxf4 b5
15. Bd5 Qb6+ 16. Kh1 Bxf4 17. Rxf4 Be6 18. Bxe6 fxe6 19. Rxf8+ Rxf8 20. Qxd6
Qf2 21. Qc5 Kg8 22. Qxf2 Rxf2 23. Rc1 Nb4 24. Kg1 Re2 25. Kf1 Rxe4 26. a3 Nd5
27. Nc5 Rf4+ 28. Ke2 Nc7 29. Rd1 h6 30. Rd7 Ne8 31. Nxa6 Rc4 32. c3 Kf8 33. Rd4
Rc6 34. Nb4 Rc5 35. Nd3 Rg5 36. Kf3 Ke7 37. Nf2 e5 38. Rb4 Ke6 39. Ne4 Rf5+ 40.
Ke3 Nc7 41. g4 Rf1 42. c4 Rh1 43. a4 bxc4 44. Rb6+ Ke7 45. Nc3 Rxh2 46. Ke4 Rh4
47. Kxe5 Rxg4 48. a5 Rg5+ 49. Kd4 Rxa5 50. Kxc4 Rg5 51. Rb7 Kd8 52. b4 Kc8 53.
Rb6 Na8 54. Re6 Kd7 55. Ra6 Nc7 56. Ra7 Kc6 57. b5+ Kb6 58. Ra1 Rg4+ 59. Kd3 h5
60. Rb1 h4 61. Ke2 g5 62. Kf2 Rf4+ 63. Kg2 g4 64. Rf1 h3+ 65. Kg1 Rxf1+ 66.
Kxf1 Nxb5 67. Kf2 Nxc3 0-1

[Event "SR 3. liga A2 2014/2015"]
[Site "?"]
[Date "2015.03.22"]
[Round "11.1"]
[White "Vach, Jozef"]
[Black "Vlk, Jaroslav"]
[Result "1-0"]
[WhiteElo "1778"]
[BlackElo "1000"]
[PlyCount "77"]
[EventDate "2015.??.??"]

1. d4 d5 2. Nf3 Nc6 3. e3 a6 4. c4 e6 5. Nc3 Nf6 6. Bd3 Bb4 7. O-O O-O 8. Bd2
Bxc3 9. Bxc3 b6 10. Qc2 g6 11. Rac1 a5 12. a3 Bb7 13. b3 Ne7 14. Nd2 Qd7 15.
Bb2 Rfc8 16. Rfe1 c6 17. e4 b5 18. e5 Ne8 19. Re3 Ba6 20. g4 Kg7 21. f4 Nc7 22.
Rf1 Rf8 23. f5 Kh8 24. Rh3 exf5 25. gxf5 Rg8 26. Kh1 Raf8 27. Rff3 f6 28. fxg6
Nxg6 29. Bxg6 Rxg6 30. Qxg6 Ne8 31. e6 Qe7 32. Qf5 Bc8 33. Re3 a4 34. c5 Nc7
35. Rxh7+ Qxh7 36. Rh3 Qxh3 37. Qxh3+ Kg7 38. Qg3+ Kh7 39. Qxc7+ 1-0

[Event "SR 3. liga A2 2014/2015"]
[Site "?"]
[Date "2015.03.22"]
[Round "11.2"]
[White "Sturdik, Igor"]
[Black "Kapusta, Petr"]
[Result "0-1"]
[WhiteElo "1990"]
[BlackElo "2112"]
[PlyCount "88"]
[EventDate "2015.??.??"]

1. e4 c5 2. Nf3 d6 3. d4 cxd4 4. Nxd4 Nf6 5. Nc3 a6 6. Bg5 e6 7. f4 h6 8. Bh4
Be7 9. Qf3 Qc7 10. O-O-O Nbd7 11. Bd3 b5 12. Rhe1 Bb7 13. Qg3 Nh5 14. Qg4 Ndf6
15. Bxf6 Nxf6 16. Qxg7 Rh7 17. Qg3 O-O-O 18. e5 dxe5 19. fxe5 Nh5 20. Qg4 Rg7
21. Qxh5 Rxd4 22. g3 Rb4 23. Be4 Bg5+ 24. Kb1 Qxc3 25. Bxb7+ Kxb7 26. b3 Rd4
27. Rxd4 Qxd4 28. Rd1 Qe3 29. Rd7+ Kc8 30. Qd1 Qc1+ 31. Qxc1 Bxc1 32. Rd6 Be3
33. Rxa6 Rg5 34. Ra8+ Kb7 35. Rf8 Rf5 36. c4 bxc4 37. bxc4 Bd4 38. g4 Rf2 39.
h4 Bxe5 40. g5 hxg5 41. hxg5 Bd4 42. a4 e5 43. Kc1 Be3+ 44. Kd1 Bxg5 0-1

[Event "SR 3. liga A2 2014/2015"]
[Site "?"]
[Date "2015.03.22"]
[Round "11.2"]
[White "Koutny, Petr"]
[Black "Kolenak, Matus"]
[Result "1-0"]
[WhiteElo "2095"]
[BlackElo "1977"]
[PlyCount "97"]
[EventDate "2015.??.??"]

1. e4 c5 2. Nf3 d6 3. d4 cxd4 4. Nxd4 Nf6 5. Nc3 a6 6. Be2 e6 7. O-O Be7 8. f4
Nbd7 9. a4 O-O 10. Be3 Qc7 11. a5 Rd8 12. Qe1 Nc5 13. Bf3 e5 14. Nde2 Be6 15.
Qg3 Bc4 16. Rf2 Rac8 17. b4 Ncd7 18. Na4 d5 19. Nb6 dxe4 20. Nxc8 Rxc8 21. Bg4
Nxg4 22. Qxg4 Bxb4 23. fxe5 Nxe5 24. Qxe4 Bxa5 25. Nd4 f6 26. Nf5 Kh8 27. Bd4
Bb6 28. c3 Bc5 29. Bxc5 Qxc5 30. Qxb7 Rc7 31. Qb4 Qxf2+ 32. Kxf2 Nd3+ 33. Ke3
Nxb4 34. cxb4 Be6 35. Nd4 Bc4 36. Rc1 g6 37. Kf2 Rc8 38. Nb3 Kg7 39. Nc5 Bd5
40. Ra1 Rb8 41. Nxa6 Ra8 42. Ra5 Bc4 43. Nc7 Rb8 44. b5 Rb7 45. Ne8+ Kf8 46.
Nd6 Rc7 47. b6 Rc6 48. Nxc4 Rxc4 49. b7 1-0

[Event "SR 3. liga A2 2014/2015"]
[Site "?"]
[Date "2015.03.22"]
[Round "11.2"]
[White "Bukovsky, Milan"]
[Black "Hudacek, Josef"]
[Result "1/2-1/2"]
[WhiteElo "1922"]
[BlackElo "2037"]
[PlyCount "147"]
[EventDate "2015.??.??"]

1. d4 Nf6 2. c4 g6 3. Nc3 d5 4. Nf3 Bg7 5. Bf4 c6 6. e3 O-O 7. Qb3 e6 8. Bd3
Re8 9. O-O h6 10. h3 Nbd7 11. Qc2 dxc4 12. Bxc4 Nb6 13. Bb3 Nbd5 14. Bh2 Nxc3
15. bxc3 b6 16. Ne5 Bb7 17. Rad1 Re7 18. c4 Rc8 19. Rfe1 Nd7 20. Nxd7 Rxd7 21.
c5 Qg5 22. Bd6 Bf8 23. Bxf8 Kxf8 24. Rc1 Rcd8 25. Qe4 Kg7 26. h4 Qe7 27. h5
gxh5 28. Qe5+ Qf6 29. Qxh5 Qg5 30. Qxg5+ hxg5 31. Ba4 b5 32. Bb3 a5 33. a3 Kg6
34. Kh2 Re7 35. Red1 f5 36. f3 Kf6 37. Kg3 Rh8 38. Rh1 Reh7 39. Rxh7 Rxh7 40.
Rd1 Rh8 41. Kf2 Rh4 42. Re1 Rh6 43. Rd1 Rh7 44. Kg3 Rh4 45. Kf2 Bc8 46. Re1 a4
47. Ba2 Bb7 48. Kg1 g4 49. fxg4 Rxg4 50. Kf2 Rh4 51. Kg3 Rg4+ 52. Kf3 Rh4 53.
Kg3 Rg4+ 54. Kf3 e5 55. dxe5+ Kxe5 56. Rd1 b4 57. axb4 Rxb4 58. Rd6 f4 59. Re6+
Kf5 60. e4+ Kg5 61. Re5+ Kh6 62. Re8 Rb2 63. Be6 a3 64. Kxf4 a2 65. Bxa2 Rxa2
66. Rb8 Ba6 67. g4 Rf2+ 68. Ke3 Rc2 69. Rh8+ Kg5 70. Rg8+ Kf6 71. Rf8+ Kg5 72.
Rg8+ Kh4 73. Kf4 Rf2+ 74. Ke3 1/2-1/2